|
|
|
|
| LEADER |
00000nam a2200000 a 4500 |
| 001 |
vtls010030446 |
| 003 |
SK-MaSNL |
| 005 |
20260425225834.0 |
| 008 |
180814s1976 xo o g c 000 0dslo |
| 040 |
|
|
|a SNK
|b slo
|c SNK
|e AACR2
|
| 041 |
0 |
|
|a slo
|
| 043 |
|
|
|a e-xo---
|
| 044 |
|
|
|a xo
|c SK
|
| 072 |
|
7 |
|a 72/76
|x Výtvarné umenie
|2 konspekt
|
| 080 |
|
|
|a 72/76(437.6)
|2 2001
|
| 080 |
|
|
|a 7.036/.038
|2 2001
|
| 080 |
|
|
|a (437.6)
|2 2001
|
| 080 |
|
|
|a (083.824)
|2 2001
|
| 245 |
0 |
0 |
|a Milan Augustín
|b výber z tvorby 1970-1975
|
| 250 |
|
|
|a [1. vyd.]
|
| 260 |
|
|
|a [S.l.
|b s.n.]
|c 1976
|
| 300 |
|
|
|a [15] s.
|b fotogr.
|c 21 cm
|
| 500 |
|
|
|a Názov z obalu
|
| 600 |
1 |
7 |
|a Augustín, Milan,
|d 1947-
|2 SNKMA
|9 14653
|
| 648 |
|
7 |
|a 1970-1975
|2 SNKPH
|9 340979
|
| 650 |
0 |
7 |
|a slovenské výtvarné umenie
|2 SNKPH
|9 68597
|
| 650 |
0 |
7 |
|a moderné umenie
|2 SNKPH
|9 68456
|
| 651 |
|
7 |
|a Slovensko
|2 SNKPH
|9 14231
|
| 655 |
|
7 |
|a katalógy výstav
|2 SNKPH
|9 70445
|
| 958 |
|
|
|a OND
|
| 999 |
|
|
|c 660402
|d 662332
|
| 952 |
|
|
|a SNK
|b SNK
|y PREZ
|7 0
|p 17A0631174
|o snkOSD 9308
|i snk2009/22123
|8 1
|0 0
|1 0
|4 0
|d 2009-12-10
|l 0
|r 2026-02-23 18:51:49
|w 2026-02-23
|